| 000 | 01363nam a2200349 a 4500 | ||
|---|---|---|---|
| 001 | 000115019 | ||
| 003 | CHAP | ||
| 005 | 20220329144509.0 | ||
| 008 | 180903s2018 mx sm |||||||spa d | ||
| 010 | _a111480 | ||
| 011 | _a112452 | ||
| 040 | _cCHAP | ||
| 090 | _aTesis | ||
| 100 | 1 |
_aVega Pereda, Tomás Alberto. _9135723 |
|
| 245 | 1 | 0 |
_aResistencia a Sclerotium rolfsii sacc., de cultivares de jitomate Solanum lycopersicum I. (Var.Bola.Riñon, Río Grande, Floricae y Guaje) / _h[En línea] _cpor Tomas Alberto Vega Pereda. |
| 260 |
_aChapingo, Méx. : _bEl autor, _c2018. |
||
| 500 | _aPara ver el contenido del material haga clic en la liga | ||
| 502 | _aTesis (Agr. en Horticultura Protegida) -- UACH. Departamento de Fitotecnia | ||
| 590 |
_aBATCH-UPD _b10 _c20190523 _lUCH01 _h1253 |
||
| 590 |
_aE11695DGD _b10 _c20190523 _lUCH01 _h1252 |
||
| 590 |
_aE8697GMM _b05 _c20180903 _lUCH01 _h1355 |
||
| 590 |
_aE8697GMM _b05 _c20180906 _lUCH01 _h0934 |
||
| 590 |
_aE8697GMM _b05 _c20190506 _lUCH01 _h1010 |
||
| 590 |
_aE8697GMM _b05 _c20190515 _lUCH01 _h1513 |
||
| 650 | 1 | 4 |
_aSclerotium rolfsii. _9103344 |
| 650 | 1 | 4 |
_aTomate _xEnfermedades por hongos. _9113713 |
| 650 | 1 | 4 |
_aTomate _xVariedades resistentes a enfermedades. _9113778 |
| 856 |
_aFinding aid _uhttp://10.13.5.2/tesis/sist115019.pdf _zTeclea aquí |
||
| 901 | _aBK | ||
| 942 | _cTESIS | ||
| 942 | _n0 | ||
| 999 |
_c111480 _d111480 |
||